000 00754cab a2200229 4500
001 WB3333-58
008 090401t1997 xxu||||| |||| 00| 0 eng d
035 _a(Sirsi) u80576
041 _aeng
245 _aSlough to set up charitable trust
260 _c1997
350 _a0
490 _aDaily Telegraph
_v29 August 1997, 31(1)
520 _aFollowing the reduction of the amount payable to Welwyn Hatfield DC under court order, Slough Estates are to set up a £500,000 charitable trust to help good causes in Hertfordshire.
650 _aCHARITIES
650 _aCOMPENSATION
650 _aHERTFORDSHIRE
650 _aSLOUGH ESTATES
690 _aMANAGEMENT-BUSINESS MANAGEMENT-PROFESSIONAL PRACTICE
942 _n0
948 _c29/08/1997
999 _c50721
_d50721